| 000 | 00712nam a22002292 4500 | ||
|---|---|---|---|
| 001 | 0000004285 | ||
| 005 | 20151217145802.0 | ||
| 008 | 070522s xx 000 0 eng d | ||
| 020 | _a0878721894 : | ||
| 040 |
_aKABU _cKABU |
||
| 050 | 0 |
_aQA276 _b.M46 1979 |
|
| 100 | 1 |
_aMendenhall, William. _@0000149887 |
|
| 245 | 1 | 0 |
_aIntroduction to probability and statistics / _cWilliam Mendenhall. |
| 250 | _a5th ed. | ||
| 260 |
_aNorth Scituate, Massachusetts : _bDuxbury Press, _cc1979. |
||
| 300 |
_axiv, 594 p. ; _c25 cm. |
||
| 650 | 0 |
_aMathematical statistics. _@0000148196 |
|
| 650 | 0 |
_aProbabilities. _@0000154769 |
|
| 908 | _a070522 | ||
| 950 | _@1 | ||
| 999 |
_c2587 _d2587 |
||